000 01009nam a2200241Ia 4500
001 20446
003 GE_BSU
008 181216s||||||||xx |||||||||||||| ||und||
040 _cGE_BSU
080 _a811.353.1-8(075.3)
100 _aრამიშვილი, ვალერიან
245 _aქართული ენა : გრამატიკა, მართლწერა და მეტყველების განვითარება.
245 _bI-ლი კლ. სახელმძღვ.
245 _cრედ. ე. პოლოლიკაშვილი.
250 _aმე-5 გამოც.
260 _aთბილისი
260 _bგანათლება
260 _c1974
300 _a93გვ. : ილ. ; 21სმ
541 _h10 თ.
653 _aქართული ენა : გრამატიკა, მართლწერა და მეტყველების განვითარება.
942 _cBK
999 _c53403
_d53403